Musique de l'autre (La). Les nouveaux defis de l'ethnomusicologie (Record n. 94543)

Dettagli MARC
000 -LEADER
fixed length control field 01860nam a2200289Ia 4500
001 - CONTROL NUMBER
control field G9960
003 - CONTROL NUMBER IDENTIFIER
control field IT-RoPAU
008 - FIXED-LENGTH DATA ELEMENTS--GENERAL INFORMATION
fixed length control field 130308s9999 xx 000 0 und d
040 ## - CATALOGING SOURCE
Original cataloging agency IT-RoPAU
040 ## - CATALOGING SOURCE
Transcribing agency IT-RoPAU
041 ## - LANGUAGE CODE
Language code of text/sound track or separate title FRANCESE
100 ## - MAIN ENTRY--PERSONAL NAME
Personal name Aubert Laurent
100 ## - MAIN ENTRY--PERSONAL NAME
Miscellaneous information Codice Aut. SPICS: 56234
245 ## - TITLE STATEMENT
Title Musique de l'autre (La). Les nouveaux defis de l'ethnomusicologie
245 ## - TITLE STATEMENT
Remainder of title Musique de L'Autre (La). Les Nouveaux Defis de L'Ethnomusicologie
250 ## - EDITION STATEMENT
Edition statement 1a ed.
260 ## - PUBLICATION, DISTRIBUTION, ETC. (IMPRINT)
Place of publication, distribution, etc. GENEVE
260 ## - PUBLICATION, DISTRIBUTION, ETC. (IMPRINT)
Name of publisher, distributor, etc. Georg Editeur
260 ## - PUBLICATION, DISTRIBUTION, ETC. (IMPRINT)
Date of publication, distribution, etc. 2001 [1° Ed.:2001 - Ed.Ling.Originale:2001]
300 ## - PHYSICAL DESCRIPTION
Extent "170 p. (prefazione: 8; testo: 162 [pagine: 0-0])"
500 ## - GENERAL NOTE
General note Musica dell'Altro: nuove sfide dell'Etnomusicologia. L'Irruzione Massiva della Musica del Mondo nel Nostro Ambiente Culturale è un fenomeno Recente.Conseguenza del Vasto Processo di mondializzazione che Caratterizza l'epoca Contemporanea, Legata All'Accelerazione dei flussi migratori e Allo sforzo delle industrie del turismo e Allo Sviluppo delle tecnologie della Comunicazione. ruolo che Occupano queste musiche Venute Dall'Esterno e Quale Influenza Esercitano Sui Nostri Valori, le nostre Abitudini e le nostre Pratiche Culturali. Musica degli Altri: Paradossi di una Società Multiculturale. Prospettiva Etnomusicologica. Intesa e Richiamo della Tradizione. Vita di Artista e Sfida della Rappresentazione. Abbozzo di una Tipologia dell'Ascoltatore. invenzione del folklore o nostalgia delle Origini. World Music e l'ultima tentazione dell'Occidente. incontro di Culture e Appropriazione dell'Esotismo. Apprendere la Musica dell'Altro: un itinerario Transculturale. fascino della Musica Indiana: Lezioni di una Esperienza Personale. Bibliografia.
650 ## - SUBJECT ADDED ENTRY--TOPICAL TERM
Topical term or geographic name as entry element GENERI MUSICALI
650 ## - SUBJECT ADDED ENTRY--TOPICAL TERM
Relator term Codice materia Spics: 7010
942 ## - ADDED ENTRY ELEMENTS (KOHA)
Koha item type LIBRO
957 ## -
-- 1
999 ## - SYSTEM CONTROL NUMBERS (KOHA)
-- 1
Dati di copia
Withdrawn status Lost status Damaged status Not for loan Home library Current library Date acquired Total Checkouts Full call number Date last seen Price effective from Koha item type Public note
    Buone Condizioni Not For Loan SPICS-MEDIATECA SPICS-MEDIATECA 08/03/2013   G9960 08/03/2013 08/03/2013 LIBRO Progressivo inserimento: 49463 / N. Volumi: 1 Copie: 1 / data import: 1 marzo 2013 - By Epidotti, Trombetti, Vaglietti.
CREDITS: SOCIETA' SAN PAOLO Via A.Severo, 58 - ROMA (RM) & PERIODICI SAN PAOLO SRL Via Giotto, 36 MILANO & CISF Via Giotto, 36 MILANO & EDIZIONI SAN PAOLO SRL,  Piazza Soncino, 5 CINISELLO BALSAMO (MI) -- ITALY